| 000 | 00336nam a2200145Ia 4500 | ||
|---|---|---|---|
| 008 | 230917s9999||||xx |||||||||||||| ||und|| | ||
| 040 |
_e78106 _aMAIN |
||
| 041 | _aEnglish | ||
| 082 | _a390 E22C | ||
| 100 | _aEichler, Lillian | ||
| 245 | 4 | _aThe customs of manking 2v | |
| 260 |
_aDelhi _bGian _c1988 |
||
| 300 | _a753 p. | ||
| 942 | _cBK | ||
| 999 |
_c58310 _d58310 |
||